000 00304nam a22001337a 4500
008 170623b xxu||||| |||| 00| 0 eng d
020 _a9780205766390
041 _aeng
080 _a32
100 _a21
101 _aSHP
245 _aPOLITICS CASE COMPARATIVE
_cSAMUELS.D.J
942 _2udc
_cBK
999 _c18970
_d18970